| 000 | 01009nam a2200289 a 4500 | ||
|---|---|---|---|
| 001 | 55736 | ||
| 003 | BD-RjUL | ||
| 005 | 20211209080316.0 | ||
| 008 | 161121s1978 enk bs i001 0 eng | ||
| 020 |
_a0801820197. _a0801820200 |
||
| 035 | _a(BD-RjUL)55860 | ||
| 040 |
_aDLC _cDLC _dBD-RjUL _beng |
||
| 041 | _aeng | ||
| 082 | 0 | 0 |
_a339.3 _223 _bKRI 1978 |
| 100 | 1 |
_aKravis, Irving B. _9139180 |
|
| 245 | 1 | 0 |
_aInternational comparisons of real product and purchasing power / _cIrving B. Kravis, Alan Heston, Robert Summers, |
| 260 |
_aLondon : _bPublished for the World Bank [by] the Johns Hopkins University Press, _cc1978. |
||
| 300 |
_aix, 264 p. ; _c28 cm. |
||
| 504 | _aIncludes bibliographical references and index. | ||
| 650 | 0 |
_aIncome. _9165981 |
|
| 650 | 0 |
_aGross national product. _9165982 |
|
| 650 | 0 |
_aPurchasing power. _9165983 |
|
| 700 | 1 |
_aHeston, Alan W., _ejoint author. _9139183 |
|
| 700 | 1 |
_aSummers, Robert, _d1922- _ejoint author. _9139184 |
|
| 942 |
_2ddc _cBK |
||
| 999 |
_c55736 _d55736 |
||